| 000 | 00656cam a22002172 4500 | ||
|---|---|---|---|
| 001 | 0000001199 | ||
| 005 | 20151217151808.0 | ||
| 008 | 070227s xx 000 0 eng d | ||
| 040 |
_aKABU _cKABU |
||
| 050 | 0 |
_aGE300 _b.C76 1998 |
|
| 245 | 1 | 0 | _aGroner's enviromental management and enviromental case law. |
| 250 | _a3rd ed. | ||
| 260 |
_aKingston Upon Thames, England : _bCroner Pub., _c1998. |
||
| 300 | _eCD ROM. | ||
| 650 | 0 |
_aEnvironmental management. _@0000149753 |
|
| 650 | 0 |
_aEnviromental law. _@0000149785 |
|
| 908 | _a070227 | ||
| 950 | _@1 | ||
| 999 |
_c5133 _d5133 |
||